| 000 | 00561nam a22001691cc4500 | ||
|---|---|---|---|
| 001 | a987670553+[Band2] | ||
| 035 | _aa987670553 | ||
| 008 | 170707s1959 gw |||| 000u ger d | ||
| 245 | 0 | 4 |
_aDie Auswirkungen der grossen sozialistischen Oktoberrevolution auf Deutschland _n[Band 2] |
| 264 |
_aBerlin : _bRütten & Loening, _c1959 |
||
| 300 | _aS. 353-920 | ||
| 246 | 1 | 2 |
_aDie Auswirkungen der grossen sozialistischen Oktoberrevolution auf Deutschland _n[Band 2] |
| 773 | 0 | 8 |
_wa987670553 _q[Band2] |
| 942 | _cMG | ||
| 040 | _cRU-10907106 | ||
| 003 | RU-10907106 | ||
| 999 |
_c50263 _d50263 |
||